01497cam a2200373 i 450000100090000000300090000900500170001800800410003502000150007602000180009104000380010908200210014710000540016824501010022225000190032326400360034226400100037830000450038833600260043333700280045933800270048749000430051450400510055765000590060865000330066765000460070065300140074665500170076085600910077785600920086894200120096099900170097295201340098912873662EG-ScBUE20250617102924.0020729t2010 nyua f b 001 0 eng d a1441930426 a9781441930422 aDLCbengerdacDLCdDLCdEG-ScBUE04a539.725222bMOH1 aMohapatra, R. N.q(Rabindra Nath)eauthor.92306410aUnification and supersymmetry :bthe frontiers of quark-lepton physics /cRabindra N. Mohapatra. aThird edition. 1aNew York : bSpringer, c[2010] 4cc2010 axx, 421 pages :billustrations ;c25 cm. 2rdacontentatextbtxt aunmediated2rdamediabn avolumebnc2rdacarrier0 aGraduate texts in contemporary physics aIncludes bibliographical references and index. 7aGrand unified theories (Nuclear physics)2BUEsh923065 7aSupersymmetry.2BUEsh923066 7aParticles (Nuclear physics)2BUEsh923067 cApril2011 vReading book423Publisher descriptionuhttp://www.loc.gov/catdir/enhancements/fy0814/2002030271-d.html413Table of contents onlyuhttp://www.loc.gov/catdir/enhancements/fy0814/2002030271-t.html 2ddccBB c15113d15113 00102ddc40708BaccahaMAINbMAINc1STd2011-04-14ePurchaseg755.00h11997l0o539.725 MOHp000023240r2025-07-15 00:00:00yBB